000 01115nam a2200349 a 4500
003 AR-BaBNM
005 20251128210354.0
008 082120s2002 ||||||||||||||000 | spa||
020 _a987-9336-39-9
040 _cAR-BaBNM
245 0 0 _aArmando G. Antille
_babogado de la legitimidad
260 _aBuenos Aires
_bCírculo de Legisladores de la Nación Argentina
_c1999
300 _a95 p.
490 0 _aVidas, ideas y obras de los legisladores argentinos
_vv. 48
500 _aContiene textos parlamentarios de Armando G. Antille
600 1 4 _aAntille, Armando G.
600 1 4 _aYrigoyen, Hipólito
600 1 4 _aSarmiento, Domingo Faustino
_d1868-1874
600 1 4 _aGálvez, José
600 1 4 _aRivadavia, Bernardino
650 4 _aHISTORIA ARGENTINA
650 4 _aBIOGRAFIAS
650 4 _aHISTORIA POLITICA ARGENTINA
650 4 _aLEGISLACION ARGENTINA
650 4 _aPARTIDOS POLITICOS ARGENTINOS
650 4 _aSIGLO VEINTE
655 _aBIOGRAFIAS
700 1 _aAntille, Armando Rafael
_eprologuista
800 1 _aMárquez, Alfonso Carlos
_edirector
942 _cBK
998 _cMariana
999 _c15190
_d15190